00968nam a2200181Ia 4500008004100000020001500041050001900056100002900075245005100104250002000155260003100175300001800206500015000224505030900374650001600683650005000699650003700749120626s2004 mx 000 0 spa d a8434411857 aBD25bS38 2004 aSavater, Fernandodautor aLas preguntas de la vidac/ Fernando, Savater a10a. edición  aEspaña b: Arielc, 2004 a286 páginas aIncluye: Índice, Advertencia previa (pp.11 - 13), Epílogo (pp. 265 - 280), Despedida (p. 281), Principales estrellas invitadas (pp. 283- 286) aI. El porqué de la filosofía II. La muerte para empezar III. Yo adentro, yo afuera IV. El animal simbólico V. El universo y sus alrededores VI. La libertad en acción VII. Artificiales por naturaleza VIII. Vivir juntos IX. El escalofrío de la belleza X. Perdidos en el tiempo  aFILOSOFÍA aANTROPOLOGÍA FILOSOFICAxLITERATURA JUVENIL aMETAFÍSICAxLITERATURA JUVENIL